000 00788 a2200217 4500
003 UA-OsUOA
005 20260427143848.0
008 260427b un ||||| |||| 00| 0 ukr d
040 _aUA-OsUOA
_bukr
_cUA-OsUOA
_dUA-OsUOA
041 _aukr
080 _a050
090 _a050
_bЖ66
245 _aЖіночий світ
_nч. 3
260 _bОрганізація Українок Канади ім. Ольги Басараб
_cберезень 1986
_aТоронто
300 _a28 с.
520 _aРік XXXVII березень 1986 ч. 3 (423)
650 _2UDC
_a050 Серіальні видання. Періодика
_93723
942 _cMG
_2udc
955 _a4
999 _c580568
_d580568